Alliances by Flags - Statistics

General Stats
  • This quiz has been taken 20 times
  • The average score is 82 of 125
Answer Stats
Question Tile Select % Correct
Countries in NATO Yes
100%
Countries in NATO No
100%
Countries in NATO Yes
100%
Countries in NATO No
100%
Countries in NATO No
100%
Countries in NATO No
95%
Countries in NATO No
95%
Countries in NATO Yes
95%
Countries in NATO No
95%
Countries in NATO No
95%
Countries in NATO No
95%
Countries in the EU No
95%
Countries in the EU No
95%
Countries in the EU No
95%
Countries in the EU No
95%
Countries in the EU No
95%
Countries in the EU Yes
95%
Countries in the EU No
95%
Countries in the EU No
95%
Countries in the EU No
95%
Countries in the EU No
95%
Countries in NATO Yes
90%
Countries in NATO No
90%
Countries in NATO No
90%
Countries in NATO Yes
90%
Countries in NATO Yes
90%
Countries in NATO No
90%
Countries in the EU Yes
90%
Countries in the EU No
90%
Countries in the EU No
90%
Countries in the EU No
90%
Countries in the EU Yes
90%
Countries in the EU Yes
90%
Countries in NATO Yes
85%
Countries in NATO Yes
85%
Countries in NATO Yes
85%
Countries in NATO No
85%
Countries in NATO No
80%
Countries in the EU No
80%
Countries in the EU Yes
80%
Countries in NATO No
75%
Countries in the EU Yes
75%
Countries in BRICS No
75%
Countries in BRICS No
75%
Countries in BRICS No
75%
Countries in BRICS No
75%
Countries in BRICS No
75%
Countries in BRICS No
75%
Countries in BRICS No
75%
Countries in BRICS Yes
75%
Countries in BRICS No
75%
Countries in BRICS No
75%
Countries in BRICS No
75%
Countries in BRICS No
75%
Countries in BRICS No
75%
Countries in BRICS No
75%
Countries in BRICS No
75%
Countries in BRICS No
75%
Countries in BRICS No
75%
Countries in the EU No
70%
Countries in the EU No
70%
Countries in the EU No
70%
Countries in BRICS Yes
70%
Countries in BRICS Yes
70%
Countries in BRICS Yes
70%
Countries in the G20 No
70%
Countries in the G20 No
70%
Countries in the G20 No
70%
Countries in NATO No
65%
Countries in the G20 Yes
65%
Countries in the G20 No
65%
Countries in the G20 No
65%
Countries in the G20 Yes
65%
Countries in the G20 Yes
65%
Countries in the G20 No
65%
Countries in BRICS No
60%
Countries in the G20 No
60%
Countries in the G20 No
60%
Countries in the G20 No
60%
Countries in the G20 No
60%
Countries in NATO No
55%
Countries in the EU Yes
55%
Countries in the G20 No
55%
Countries in the G20 Yes
55%
Countries in the G20 Yes
55%
Countries in the EU No
50%
Countries in BRICS No
50%
Countries in the Belt & Road Initiative No
50%
Countries in the Belt & Road Initiative No
50%
Countries in the Belt & Road Initiative No
50%
Countries in the Belt & Road Initiative No
50%
Countries in the G20 No
50%
Countries in the G20 Yes
50%
Countries in the G20 No
50%
Countries in BRICS Yes
45%
Countries in BRICS Yes
45%
Countries in the Belt & Road Initiative No
45%
Countries in the Belt & Road Initiative No
45%
Countries in the Belt & Road Initiative No
45%
Countries in the Belt & Road Initiative No
45%
Countries in the Belt & Road Initiative No
45%
Countries in the G20 Yes
45%
Countries in the Belt & Road Initiative No
40%
Countries in the Belt & Road Initiative Yes
40%
Countries in the Belt & Road Initiative No
40%
Countries in the Belt & Road Initiative Yes
40%
Countries in the Belt & Road Initiative No
40%
Countries in the EU No
35%
Countries in the G20 Yes
35%
Countries in the G20 Yes
35%
Countries in the G20 Yes
35%
Countries in the Belt & Road Initiative No
30%
Countries in the Belt & Road Initiative Yes
25%
Countries in the Belt & Road Initiative Yes
25%
Countries in the Belt & Road Initiative Yes
25%
Countries in the Belt & Road Initiative Yes
25%
Countries in the Belt & Road Initiative Yes
25%
Countries in the Belt & Road Initiative Yes
25%
Countries in BRICS Yes
20%
Countries in the Belt & Road Initiative No
20%
Countries in the Belt & Road Initiative Yes
20%
Countries in the Belt & Road Initiative Yes
20%
Countries in the G20 Yes
20%
Countries in the Belt & Road Initiative Yes
15%
Countries in the G20 Yes
15%
No matching quizzes found
Score Distribution
Percent of People with Each Score
Percentile by Number Answered
Your Score History
You have not taken this quiz